Jati vyavastha aur pitrisatta(जाती-व्यवस्था और पितृसत्ता) (Record no. 116309)

MARC details
000 -LEADER
fixed length control field 00330 a2200109 4500
020 ## - INTERNATIONAL STANDARD BOOK NUMBER
International Standard Book Number 9788183619639
100 ## - MAIN ENTRY--PERSONAL NAME
Personal name Periyar E. V. Ramasamy
245 ## - TITLE STATEMENT
Title Jati vyavastha aur pitrisatta(जाती-व्यवस्था और पितृसत्ता)
250 ## - EDITION STATEMENT
Edition statement 2nd
260 ## - PUBLICATION, DISTRIBUTION, ETC. (IMPRINT)
Name of publisher, distributor, etc Radhakrishna prakashan
Date of publication, distribution, etc 2022
942 ## - ADDED ENTRY ELEMENTS (KOHA)
Koha item type On order/under processing
Holdings
Withdrawn status Lost status Damaged status Not for loan Home library Current library Date acquired Source of acquisition Cost, normal purchase price Total Checkouts Barcode Date last seen Cost, replacement price Price effective from Koha item type
        University Library University Library 18/04/2026 264 321.75   00098388 18/04/2026 495.00 18/04/2026 On order/under processing
University Library, CUSAT